Gaceta del Gobierno de Lima / (Record no. 6429)

000 -CABECERA
fixed length control field 00627nam a22001937a 4500
003 - IDENTIFICADOR DEL NÚMERO DE CONTROL
control field AR-CdUCM
008 - DATOS DE LONGITUD FIJA--INFORMACIÓN GENERAL
fixed length control field 190315b ||||| |||| 00| 0 spa d
040 ## - FUENTE DE LA CATALOGACIÓN
Agencia/entidad que catalogó originalmente la obra MUNICIPALIDAD PROVINCIAL DEL CUSCO
Entidad que transcribió la catalogación BIBLIOTECA MUNICIPAL DEL CUSCO
082 ## - NÚMERO DE LA CLASIFICACIÓN DECIMAL DEWEY
No. de Clasificación 985 /
Notacion interna D48
100 ## - ENTRADA PRINCIPAL--NOMBRE DE PERSONA
Nombre Personal Delgado, Jaime
245 ## - MENCIÓN DE TÍTULO
Título Gaceta del Gobierno de Lima /
260 ## - PUBLICACIÓN, DISTRIBUCIÓN, ETC.
Lugar de publicación, distribución, etc. España :
Nombre de la editorial, distribuidor, etc. Ediciones Ariel ;
Fecha de publicación, distribución, etc. 1971.
300 ## - DESCRIPCIÓN FÍSICA
Nº de Páginas Extensión 834 páginas ;
Dimensiones 22cm
505 ## - NOTA DE CONTENIDO CON FORMATO
Nota de contenido formateada Contenido: t.1: 1816 -- t.2: 1817 -- t.3: 1818
650 ## - PUNTO DE ACCESO ADICIONAL DE MATERIA--TÉRMINO DE MATERIA
Descriptor Historia del Perú
9 (RLIN) 259
710 ## - PUNTO DE ACCESO ADICIONAL--NOMBRE DE ENTIDAD CORPORATIVA
Nombre corporativo (En letras Mayúsculas) Ministerio de Asuntos Exteriores - Madrid
9 (RLIN) 18259
942 ## - ELEMENTOS DE PUNTO DE ACCESO ADICIONAL (KOHA)
Fuente de clasificación
Tipo de item Libros-BMC
945 ## - PROCESAMIENTO DE INFORMACIÓN LOCAL (OCLC)
Catalogador nom
Holdings
Estado de retiro (separado) Fuente de clasificación o esquema de estanterías Estado dañado Ubicación Sala donde se ubica Nombre de la colección Fecha de adquisición o compra Costo, precio normal en soles Signatura topográfica Código de Barras Última vez visto (Koha) Tipo de ítem (Koha)
No     Sala Humanidades Sala Humanidades Book Cart 2019-03-15 150.00 050.985 / G11 / t.1 SH0000007021 2019-03-15 Libros-BMC
No     Sala Humanidades Sala Humanidades Book Cart 2019-03-15 150.00 050.985 / G11 / t.2 SH0000007022 2019-03-15 Libros-BMC
No     Sala Humanidades Sala Humanidades Book Cart 2019-03-15 150.00 050.985 / G11 / t.3 SH0000007023 2019-03-15 Libros-BMC
No     Sala Humanidades Sala Humanidades Book Cart 2019-03-18 150.00 050.985 / G11 / t.1 / e.2 SH0000007145 2019-03-18 Libros-BMC
No     Sala Humanidades Sala Humanidades Book Cart 2019-03-18 150.00 050.985 / G11 / t.2 / e.2 SH0000007146 2019-03-18 Libros-BMC
No     Sala Humanidades Sala Humanidades Book Cart 2019-03-18 150.00 050.985 / G11 / t.3 / e.2 SH0000007147 2019-03-18 Libros-BMC

Powered by Koha